| 000 | 01505nam a2200241 a 4500 | ||
|---|---|---|---|
| 001 | ASIN8488386567 | ||
| 003 | OSt | ||
| 005 | 20180116192420.0 | ||
| 008 | 140128s2009 xxu eng d | ||
| 020 |
_a8488386567 (paperback) _c$81.00 |
||
| 020 | _a9788488386564 (paperback) | ||
| 040 | _csada | ||
| 082 |
_a720.952 _bITO 2009 |
||
| 100 | 1 |
_aIto, Toyo _97251 |
|
| 245 | 1 | 3 |
_a2005-2009 : espacio lĂquido = liquid space _cToyo Ito |
| 260 |
_a[S.l.] : _bEl Croquis, _c2009. |
||
| 300 |
_a232 p. ; _c34 cm. |
||
| 490 | 1 | _aEnglish and spanish edition. | |
| 520 | _aBringing together recent works and projects undertaken between 2005 and 2009, this collection emphasises Toyo Ito s consistent ability to create engaging designs for a diverse range of predominantly public facilities. Among the 15 projects featured in this issue are designs for the Fukuoka Island City Central Park Grin Grin, the Meiso no Mori Municipal Funeral Hall, Tama Art University Library, the White O project, the New Deichman Main Library, Oslo and the Market Street Tower, Singapore. Introduced by an interview between the architect and Sou Fujimoto and followed by and exploratory essay from Mohsen Mostafavi, all works are accompanied by full-page colour photographs and images, along with plans, elevations, Ito s delicate models and explanatory sketches. | ||
| 830 | 0 |
_aEnglish and spanish edition. _97252 |
|
| 856 | 4 | 0 |
_3Amazon.com _uhttp://www.amazon.com/exec/obidos/ASIN/8488386567/chopaconline-20 |
| 942 |
_2ddc _cBK |
||
| 999 |
_c353876 _d353876 |
||